LEADER 01050nam--2200361---450- 001 990000357230203316 035 $a0035723 035 $aUSA010035723 035 $a(ALEPH)000035723USA01 035 $a0035723 100 $a20010313d1965----km-y0itay0103----ba 101 $aeng 102 $aUS 105 $a||||||||001yy 200 1 $aLearning machines$fNils J. Nilsson 210 $aNew York$cMcGraw Hill$d1965 215 $aXI, 137 p.$cill.$d23 cm 225 2 $aMcGraw Hill series in systems science 410 $12001$aMcGraw Hill series in systems science 461 1$1001-------$12001 676 $a001.53 700 1$aNILSSON,$bNils J.$049584 801 0$aIT$bsalbc$gISBD 912 $a990000357230203316 951 $a001.53 NIL$b6918$c001.53$d00104946 951 $a001.53 NIL A$b6912$c001.53$d00104945 959 $aBK 969 $aSCI 979 $aPATTY$b90$c20010313$lUSA01$h1222 979 $c20020403$lUSA01$h1643 979 $aPATRY$b90$c20040406$lUSA01$h1625 996 $aLearning machines$9338598 997 $aUNISA LEADER 05065nam 2200793Ia 450 001 9910779315103321 005 20230802005714.0 010 $a3-11-048848-5 010 $a1-283-85726-X 010 $a3-11-029192-4 024 7 $a10.1515/9783110291926 035 $a(CKB)2550000000711095 035 $a(EBL)894075 035 $a(OCoLC)826652890 035 $a(SSID)ssj0000817137 035 $a(PQKBManifestationID)12336591 035 $a(PQKBTitleCode)TC0000817137 035 $a(PQKBWorkID)10827418 035 $a(PQKB)10158058 035 $a(SSID)ssj0000810969 035 $a(PQKBManifestationID)12406997 035 $a(PQKBTitleCode)TC0000810969 035 $a(PQKBWorkID)10846805 035 $a(PQKB)11163354 035 $a(MiAaPQ)EBC894075 035 $a(DE-B1597)177649 035 $a(OCoLC)853237356 035 $a(DE-B1597)9783110291926 035 $a(Au-PeEL)EBL894075 035 $a(CaPaEBR)ebr10634562 035 $a(CaONFJC)MIL416976 035 $a(EXLCZ)992550000000711095 100 $a20120413d2012 uy 0 101 0 $aeng 135 $aur|n|---||||| 181 $ctxt 182 $cc 183 $acr 200 00$aFrom just war to modern peace ethics$b[electronic resource] /$fedited by Heinz-Gerhard Justenhoven and William A. Barbieri, Jr 210 $aBerlin ;$aBoston $cDe Gruyter$dc2012 215 $a1 online resource (360 p.) 225 1 $aArbeiten zur Kirchengeschichte,$x1861-5996 ;$vBd. 120 300 $aDescription based upon print version of record. 311 $a3-11-029177-0 311 $a3-11-029193-2 320 $aIncludes bibliographical references and index. 327 $t Frontmatter -- $tContents -- $tFrom Just War to Modern Peace Ethics: An Introduction -- $tCicero: Just War in Classical Antiquity / $rKeller, Andrea -- $tAugustine's Theology of Peace and the Beginning of Christian Just War Theory / $rKany, Roland -- $tAugustine: Peace Ethics and Peace Policy / $rBrachtendorf, Johannes -- $tThomas Aquinas and Humanitarian Intervention / $rBeestermöller, Gerhard -- $tForerunners of Humanitarian Intervention? From Canon Law to Francisco de Vitoria / $rMuldoon, James -- $tFrancisco de Vitoria: Just War as Defense of International Law / $rJustenhoven, Heinz-Gerhard -- $tMartin Luther on Peace and War: A Systematic Approach / $rStümke, Volker -- $tMorality and Just War According to Francisco Suárez / $rKremer, Markus -- $tSuárez, Aquinas, and the Just War: Self Defense or Punishment? / $rMurphy, James Bernard -- $tHugo Grotius: Just War Thinking Between Theology and International Law / $rStumpf, Christoph -- $tKant's Cosmopolitanism: Resource for Shaping a "Just Peace" / $rRossi, Philip J. -- $tKant and the Just War Tradition / $rMertens, Thomas -- $tThe Holy See as International Person and Sovereign and Participant in International Law / $rAraujo, Robert -- $tFrom an Ethics of War to an Ethics of Peacebuilding / $rPowers, Gerard F. -- $tThe Peace Ethics of Pope John Paul II / $rJustenhoven, Heinz-Gerhard -- $tList of Authors -- $tIndex of Names 330 $aThis book rewrites the history of Christian peace ethics. Christian reflection on reducing violence or overcoming war has roots in ancient Roman philosophy and eventually grew to influence modern international law. This historical overview begins with Cicero, the source of Christian authors like Augustine and Thomas Aquinas. It is highly debatable whether Augustine had a systematic interest in just war or whether his writings were used to develop a systematic just war teaching only by the later tradition. May Christians justifiably use force to overcome disorder and achieve peace? The book traces the classical debate from Thomas Aquinas to early modern-age thinkers like Vitoria, Suarez, Martin Luther, Hugo Grotius and Immanuel Kant. It highlights the diversity of the approaches of theologians, philosophers and lawyers. Modern cosmopolitianism and international law-thinking, it shows, are rooted in the Spanish Scholastics, where Grotius and Kant each found the inspiration to inaugurate a modern peace ethic. In the 20th century the tradition has taken aim not only at reducing violence and overcoming war but at developing a constructive ethic of peace building, as is reflected in Pope John Paul II's teaching. 410 0$aArbeiten zur Kirchengeschichte ;$v120. 606 $aPeace$xReligious aspects$xChristianity 606 $aJust war doctrine 610 $aInternational Law. 610 $aJust War Tradition. 610 $aMoral Theology. 610 $aPeace Building. 610 $aPeace Ethics. 615 0$aPeace$xReligious aspects$xChristianity. 615 0$aJust war doctrine. 676 $a241.6242 686 $aBL 9940$2rvk 701 $aJustenhoven$b Heinz-Gerhard$01562374 701 $aBarbieri$b William A$0310182 801 0$bMiAaPQ 801 1$bMiAaPQ 801 2$bMiAaPQ 906 $aBOOK 912 $a9910779315103321 996 $aFrom just war to modern peace ethics$93829926 997 $aUNINA LEADER 02958nam 2200613 450 001 9910807871903321 005 20230814225647.0 010 $a1-5261-0793-7 024 7 $a10.7765/9781526107930 035 $a(CKB)4100000007150756 035 $a(MiAaPQ)EBC5597872 035 $a(OCoLC)1065537521 035 $a(MdBmJHUP)muse72847 035 $a(Au-PeEL)EBL5597872 035 $a(CaPaEBR)ebr11637254 035 $a(NjHacI)994100000007150756 035 $a(DE-B1597)660707 035 $a(DE-B1597)9781526107930 035 $a(EXLCZ)994100000007150756 100 $a20190107d2018 uy 0 101 0 $aeng 135 $aurcnu|||||||| 181 $ctxt$2rdacontent 182 $cc$2rdamedia 183 $acr$2rdacarrier 200 00$aThree romances of Eastern conquest /$fedited by Ladan Niayesh 210 1$aManchester :$cManchester University Press,$d2018. 215 $a1 online resource (xi, 293 pages) 225 1 $aRevels plays companion library 311 $a0-7190-7857-1 320 $aIncludes bibliographical references and index. 327 $aThe comical history of Alphonsus, King of Aragon / by Robert Greene The tragedy of Soliman and Perseda / by Thomas Kyd The four prentices of London / by Thomas Heywood. 330 $aThis volume brings together three little-known works by key playwrights from the late sixteenth-century golden age of English drama. All three convey the public theatre's fascination with travel and adventure through the popular genre of heroic romance, while reflecting the contemporaries' wide range of responses to cross-cultural contacts with the Muslim East and the Mediterranean challenges posed by the Ottoman empire. The volume presents the first modern-spelling editions of the three plays, with extensive annotations catering for specialised scholars while also making the texts accessible to students and theatre-goers. A detailed introduction discusses issues of authorship, dates and sources, and sets the plays in their historical and cultural contexts, offering exciting insights on Elizabethan performance strategies, printing practices, and the circulation of knowledge and stereotypes related to ethnic and religious difference. 410 0$aRevels plays companion library. 606 $aEnglish drama$yEarly modern and Elizabethan, 1500-1600 607 $aMiddle East$vDrama 610 $aEarly Modern Drama. 610 $aHeroic Romance. 610 $aMuslim East. 610 $aOttoman Empire. 610 $aRobert Greene. 610 $aThomas Heywood. 610 $aThomas Kyd. 615 0$aEnglish drama 676 $a822.308 700 $aNiayesh$b Ladan, $4aut$4http://id.loc.gov/vocabulary/relators/aut$01287462 702 $aNiayesh$b Ladan 801 0$bMiAaPQ 801 1$bMiAaPQ 801 2$bMiAaPQ 906 $aBOOK 912 $a9910807871903321 996 $aThree romances of Eastern conquest$94060203 997 $aUNINA